[Event "Santa Cruz de Tenerife op 29th"]
[Site "Santa Cruz de Tenerife"]
[Date "2018.12.20"]
[Round "6"]
[White "Perez Fresnedo, Sadiel Barbaro"]
[Black "Kraus, Oliver"]
[Result "0-1"]
[WhiteElo "1980"]
[BlackElo "2026"]
[PlyCount "96"]
[EventDate "2018.12.13"]
[EventType "swiss"]
[EventRounds "9"]
[EventCountry "ESP"]
[SourceTitle "CBM 188 Extra"]
[Source "ChessBase"]
[SourceDate "2019.02.28"]
[SourceVersion "1"]
[SourceVersionDate "2019.02.28"]
[SourceQuality "1"]

1. d4 d5 2. Nf3 Nf6 3. c4 c6 4. Nc3 dxc4 5. a4 Bf5 6. Nh4 Bc8 7. g3 e6 8. e4 Bb4 9. Bg2 c5 10. 0-0 cxd4 11. Nb5 Nc6 12. e5 Nd5 13. Nxd4 0-0 14. Nxc6 bxc6 15. Qg4 Kh8 16. Qxc4 Qb6 17. a5 Qb8 18. Nf3 c5 19. Qe4 h6 20. a6 Bd7 21. Qh4 f6 22. exf6 Rxf6 23. Bg5 Rg6 24. Bd2 Qd6 25. Bxb4 cxb4 26. Qe4 Rf6 27. Ne5 Bb5 28. Nc4 Qc5 29. b3 Raf8 30. Qc2 Nc3 31. Ra5 Qd4 32. Rxb5 Nxb5 33. Na5 Nc3 34. Nc6 Qc5 35. Qd2 Nd5 36. Ne5 Qe7 37. Be4 Qe8 38. Qd3 Ne7 39. Qd7 Nd5 40. Qxa7 Nc3 41. Bc2 Qc8 42. Qe3 Qxa6 43. Ng6+ Kg8 44. Nxf8 Rxf8 45. Bd3 Qd6 46. Ra1 Qc6 47. Ra6 Qd5 48. Bc4 Qe4 0-1

[Event "Santa Cruz de Tenerife op 29th"]
[Site "Santa Cruz de Tenerife"]
[Date "2018.12.14"]
[Round "2"]
[White "Perez Fresnedo, Sadiel Barbaro"]
[Black "Mamani Beltran, Deniman"]
[Result "1-0"]
[WhiteElo "1980"]
[BlackElo "1795"]
[PlyCount "60"]
[EventDate "2018.12.13"]
[EventType "swiss"]
[EventRounds "9"]
[EventCountry "ESP"]
[SourceTitle "CBM 188 Extra"]
[Source "ChessBase"]
[SourceDate "2019.02.28"]
[SourceVersion "1"]
[SourceVersionDate "2019.02.28"]
[SourceQuality "1"]

1. e4 e5 2. Nf3 Nf6 3. Nxe5 d6 4. Nf3 Nxe4 5. Nc3 Nxc3 6. dxc3 Be7 7. Bf4 Nc6 8. Qd2 Be6 9. Ng5 Bxg5 10. Bxg5 Qd7 11. Be2 a6 12. 0-0 0-0 13. Rad1 b5 14. Bf4 Ne7 15. Rde1 Rad8 16. Bd3 Ng6 17. Bg3 Bf5 18. Be2 Be6 19. h4 Qe7 20. h5 Ne5 21. Qf4 f6 22. b3 Qf7 23. a4 Ra8 24. Rd1 Bd5 25. Qd2 Bc6 26. axb5 axb5 27. f4 Nd7 28. Bf2 Nc5 29. Bxc5 dxc5 30. Qe3 Rad8 1-0

[Event "Canarias-ch"]
[Site "Santa Cruz de Tenerife"]
[Date "2018.05.13"]
[Round "6"]
[White "Gutierrez Olivares, Daniel"]
[Black "Perez Fresnedo, Sadiel Barbaro"]
[Result "1-0"]
[WhiteElo "2312"]
[BlackElo "1970"]
[PlyCount "101"]
[EventDate "2018.05.10"]
[EventType "swiss"]
[EventRounds "6"]
[EventCountry "ESP"]
[SourceTitle "EXT 2022"]
[Source "ChessBase"]
[SourceDate "2021.10.06"]
[SourceVersion "1"]
[SourceVersionDate "2021.10.06"]
[SourceQuality "1"]

1. e4 g6 2. d4 d6 3. Nc3 Bg7 4. Be3 Nc6 5. d5 Nb8 6. h4 Nf6 7. Be2 h5 8. f3 c6 9. g4 hxg4 10. fxg4 cxd5 11. exd5 Qa5 12. Bd4 Nbd7 13. Nf3 Kf8 14. Rg1 Ne5 15. Nxe5 dxe5 16. Bxe5 Rxh4 17. Qd4 Qb6 18. 0-0-0 Qxd4 19. Rxd4 Ne8 20. Bxg7+ Kxg7 21. Ne4 Nd6 22. Nxd6 exd6 23. Re4 a6 24. Re7 Kf8 25. Rc7 Rb8 26. Rf1 f5 27. Bd3 Rxg4 28. Rh1 Kg8 29. Rch7 Rg1+ 30. Rxg1 Kxh7 31. Re1 Kg7 32. Re8 Kf7 33. Rh8 Ra8 34. Kd2 b6 35. Ke3 Kf6 36. Re8 g5 37. Rf8+ Kg7 38. Rd8 f4+ 39. Kf2 Kf6 40. Rxd6+ Ke5 41. Rxb6 g4 42. Rb4 Bf5 43. Bxf5 Kxf5 44. Rd4 Rc8 45. c3 Rh8 46. Kg1 g3 47. d6 Rh2 48. Rd3 Kg4 49. d7 Re2 50. d8Q Re1+ 51. Kg2 1-0

[Event "Canarias-ch"]
[Site "Santa Cruz de Tenerife"]
[Date "2018.05.12"]
[Round "4"]
[White "Perez Fresnedo, Sadiel Barbaro"]
[Black "Martin Casanas, Juan Miguel"]
[Result "1-0"]
[WhiteElo "1970"]
[BlackElo "1664"]
[PlyCount "53"]
[EventDate "2018.05.10"]
[EventType "swiss"]
[EventRounds "6"]
[EventCountry "ESP"]
[SourceTitle "EXT 2022"]
[Source "ChessBase"]
[SourceDate "2021.10.06"]
[SourceVersion "1"]
[SourceVersionDate "2021.10.06"]
[SourceQuality "1"]

1. e4 e5 2. Nf3 Nc6 3. Bb5 a6 4. Bxc6 dxc6 5. 0-0 f6 6. d3 Bd6 7. Nbd2 Ne7 8. Nc4 Bg4 9. h3 Bh5 10. Be3 c5 11. c3 Nc6 12. a4 0-0 13. Qb3 Kh8 14. g4 Bf7 15. a5 Nxa5 16. Rxa5 b5 17. Qa3 bxc4 18. Nd2 cxd3 19. Bxc5 Qe7 20. b4 f5 21. Bxd6 cxd6 22. exf5 Bd5 23. Rxd5 e4 24. Re1 Qh4 25. Kg2 h5 26. Rxe4 g6 27. Nf3 1-0

[Event "Canarias-ch"]
[Site "Santa Cruz de Tenerife"]
[Date "2018.05.11"]
[Round "3"]
[White "Rodriguez Redondo, Ethan"]
[Black "Perez Fresnedo, Sadiel Barbaro"]
[Result "0-1"]
[WhiteElo "2005"]
[BlackElo "1970"]
[PlyCount "88"]
[EventDate "2018.05.10"]
[EventType "swiss"]
[EventRounds "6"]
[EventCountry "ESP"]
[SourceTitle "EXT 2022"]
[Source "ChessBase"]
[SourceDate "2021.10.06"]
[SourceVersion "1"]
[SourceVersionDate "2021.10.06"]
[SourceQuality "1"]

1. e4 g6 2. d4 d6 3. Nc3 Bg7 4. Bg5 c5 5. dxc5 Qa5 6. Nge2 Qxc5 7. Qd2 h5 8. Be3 Qb4 9. 0-0-0 Nf6 10. f3 Nc6 11. Nf4 Bd7 12. Qf2 Rc8 13. h3 h4 14. Rg1 Qa5 15. Nfd5 Rh5 16. Nf4 Nb4 17. a3 Nxc2 18. Qxc2 Ba4 19. Qd3 Nxe4 20. Qxe4 Rxc3+ 21. Kb1 Bc2+ 22. Qxc2 Rxc2 23. Kxc2 Qa4+ 24. Kd2 Re5 25. Bd3 Rxe3 26. Kxe3 Qd4+ 27. Ke2 Qxf4 28. Be4 Bxb2 29. Rd3 b6 30. Rb1 Be5 31. Rb4 Qh2 32. f4 Bxf4 33. Rc4 e6 34. Bf3 d5 35. Rc8+ Kd7 36. Ra8 Bb8 37. Rc3 Qe5+ 38. Kd2 Qf4+ 39. Kc2 Qf5+ 40. Kd2 Bf4+ 41. Kd1 Qb1+ 42. Ke2 Qb5+ 43. Ke1 Qa5 44. Rac8 Be5 0-1

[Event "Tenerife-chT Preferente 1718"]
[Site "Tenerife"]
[Date "2018.03.10"]
[Round "12.3"]
[White "Abreu Suarez, Isauro"]
[Black "Perez Fresnedo, Sadiel Barbaro"]
[Result "1-0"]
[WhiteElo "2003"]
[BlackElo "1983"]
[PlyCount "69"]
[EventDate "2017.11.11"]
[EventType "team-tourn"]
[EventRounds "14"]
[EventCountry "ESP"]
[SourceTitle "EXT 2019"]
[Source "ChessBase"]
[SourceDate "2018.10.10"]
[SourceVersion "1"]
[SourceVersionDate "2018.10.10"]
[SourceQuality "1"]
[WhiteTeam "Canarias 64"]
[BlackTeam "Al Shah Mat Los Realejos"]
[WhiteTeamCountry "ESP"]
[BlackTeamCountry "ESP"]

1. b4 Nf6 2. Bb2 e6 3. b5 a6 4. a4 axb5 5. axb5 Rxa1 6. Bxa1 d6 7. e3 Be7 8. f4 0-0 9. Nf3 Nbd7 10. Be2 Re8 11. 0-0 Bf8 12. c4 e5 13. fxe5 dxe5 14. Qc2 e4 15. Nd4 g6 16. Nc3 Bg7 17. Qa2 h5 18. Bb2 h4 19. Ba3 Re5 20. c5 Nxc5 21. Bxc5 Rxc5 22. Bc4 Qe7 23. Bb3 Rg5 24. Kh1 Bd7 25. Qa8+ Kh7 26. Qxb7 Qe5 27. Rf4 Rg4 28. Nce2 Bh6 29. Rf1 Nh5 30. Rxf7+ Bg7 31. Rxd7 Ng3+ 32. hxg3 hxg3 33. Qxc7 Qh5+ 34. Kg1 Rh4 35. Rxg7+ 1-0

[Event "Santa Cruz de Tenerife Autumn op"]
[Site "Santa Cruz de Tenerife"]
[Date "2017.10.25"]
[Round "8"]
[White "Kraus, Oliver"]
[Black "Perez Fresnedo, Sadiel Barbaro"]
[Result "1-0"]
[WhiteElo "2046"]
[BlackElo "2004"]
[PlyCount "97"]
[EventDate "2017.10.09"]
[EventType "swiss"]
[EventRounds "9"]
[EventCountry "ESP"]
[SourceTitle "CBM 181 Extra"]
[Source "ChessBase"]
[SourceDate "2017.12.12"]
[SourceVersion "1"]
[SourceVersionDate "2017.12.12"]
[SourceQuality "1"]

1. d4 Nf6 2. Nf3 e6 3. c4 d5 4. Nc3 c6 5. e3 Nbd7 6. Bd3 dxc4 7. Bxc4 b5 8. Bd3 a6 9. e4 b4 10. Na4 Bb7 11. Bg5 Be7 12. Rc1 h6 13. Bxf6 gxf6 14. 0-0 Qa5 15. b3 Rg8 16. Qe2 Qh5 17. Rfe1 Kf8 18. Ne5 Qxe2 19. Nxd7+ Ke8 20. Rxe2 Kxd7 21. Nb6+ Kc7 22. Nxa8+ Rxa8 23. d5 c5 24. dxe6 fxe6 25. Bc4 Bc8 26. f4 a5 27. a4 Bd7 28. Rd1 Rh8 29. Kf2 h5 30. Red2 Bc8 31. Bb5 Rd8 32. Rxd8 Bxd8 33. g3 Be7 34. h4 Bd6 35. Rc1 Kb6 36. Be8 Bb7 37. Ke3 Ba6 38. Bxh5 c4 39. Be2 Bc5+ 40. Kf3 cxb3 41. Bxa6 Kxa6 42. Rb1 b2 43. Rxb2 Bd4 44. Rb3 Kb6 45. Ke2 Kc5 46. Kd3 f5 47. e5 Bf2 48. h5 Bxg3 49. Ke3 1-0

[Event "Santa Cruz de Tenerife Verano op"]
[Site "Santa Cruz de Tenerife"]
[Date "2017.08.23"]
[Round "7"]
[White "Hernandez Leon, Alberto"]
[Black "Perez Fresnedo, Sadiel Barbaro"]
[Result "1/2-1/2"]
[WhiteElo "2276"]
[BlackElo "1985"]
[PlyCount "70"]
[EventDate "2017.08.02"]
[EventType "swiss"]
[EventRounds "9"]
[EventCountry "ESP"]
[SourceTitle "EXT 2018"]
[Source "ChessBase"]
[SourceDate "2017.10.13"]
[SourceVersion "1"]
[SourceVersionDate "2017.10.13"]
[SourceQuality "1"]

1. Nf3 Nf6 2. d4 d5 3. c4 e6 4. g3 Bb4+ 5. Bd2 Be7 6. Bg2 0-0 7. 0-0 c6 8. Qc2 b6 9. b3 Bb7 10. Nc3 c5 11. cxd5 Nxd5 12. dxc5 bxc5 13. Ne4 Nd7 14. Nfg5 g6 15. Rad1 Qb6 16. h4 Rac8 17. Rc1 Ba6 18. Nc3 Nb4 19. Qb1 Nf6 20. Rfd1 Rfd8 21. Bf3 Nc6 22. Na4 Qb5 23. Nc3 Qb8 24. Bf4 e5 25. Rxd8+ Bxd8 26. Be3 Nd4 27. Bxd4 cxd4 28. Nce4 Nxe4 29. Nxe4 Be7 30. Nd2 Bb4 31. Nc4 Rc5 32. Nb2 Qc7 33. Rxc5 Bxc5 34. Qe4 Ba3 35. Nc4 Bxc4 1/2-1/2